00669nam a2200217 a 45000010005000000030008000050050017000130080041000300350018000710400027000890410008001160820024001241000019001482450050001672600048002173000025002654900053002905040038003436500017003818300053003987747BD-RjUL20211208234452.0170416s1967 mau b 001 0 eng d a(BD-RjUL)7791 aDLCcDLCdBD-RjULbeng aeng00223a512.2bDIP 19671 aDixon, John D.10aProblems in group theory /cby John D. Dixon. aWaltham, Mass. :bBlaisdell Pub. Co.c1967. axv, 176 p. ;c24 cm.0 aA Blaisdell book in pure and applied mathematics aIncludes Bibliography and index. 0aGroup theory aA Blaisdell book in pure and applied mathematics